000 01429nam a22002537a 4500
005 20160523144916.0
008 160523s1860 fr |||fr|||| 001 0 spa d
040 _aCO-BoUCM
_bspa
_cSandra Yazo
_dSandra Yazo
041 0 _aspa
082 0 4 _220
_a910.084
092 _aE40N017
100 1 _aMenendez, Baldomero
_977372
245 1 0 _aManual de geografía y estadística del alto Perú o Bolivia
_cpor Baldomero Menéndez
260 _aParís (Francia)
_bLibrería de Rosa y Bouret
_bImprenta de Roblot
_c 1860
300 _a323 páginas
_c17 x 11 cm.
490 0 _aEnciclopedia hispano-americana
_aEnciclopedia popular
500 _aDetalles físicos: Encuadernación rígida en cartón forrado en tela texturizada. Tapas y lomo con adornos repujados y en dorado. Guardas con texto impreso. Anteportada al verso con anotación manuscrita. Portada impresa en una sola tinta con el emblema de los editores. Texto impreso en una sola tinta. Papel muy manchado. Al final varias tablas. Tapas empiezan a desprenderse
505 2 _aPrólogo ; Reseña histórica -- Sección geográfica: Descripción general ; Descripción corográfica ; Descripción topográfica -- Sección estadística y noticias curiosas
506 _aConsulta en sala
650 7 _916335
_aGeografía
_zBolivia
650 7 _916348
_aGeografía física
_zBolivia
690 _aGeografía de América
_926498
942 _2LOCAL
_cLIBRO
_e1
_hE40N017
999 _c303487
_d303487